000 00686nam a2200289Ia 4500
005 20260324114933.0
008 008 260324s9999 xx 000 0 eng d
020 _a9780429353505
037 _aEBOOK
040 _aCRL
040 _beng
040 _cCRL
041 _2eng
041 _aeng
084 _qCRL
100 _aCelina Olszak
_91152735
245 0 _aBusiness Intelligence and Big Data
245 0 _bDrivers of Organizational Success
260 _bTaylor and Francis
260 _c2020
365 _a
365 _b160
856 _uhttp://www.taylorfrancis.com/books/9780429353505
942 _cEBOOK
999 _c1743227
_d1743227